000 00506nam a22001577a 4500
005 20251108165206.0
008 250721s1986 xx 000 0 ara d
082 1 4 _a956/مصط
100 1 _aالمسلاتي، مصطفى نصر
245 1 0 _aالإستشراق السياسي في النصف الأول من القرن العشرين /
264 1 _aطرابلس (ليبيا) :
_c1986.
300 _a288ص
650 1 7 _aالإستشراق و المستشرقون
942 _2ddc
_cBK
999 _c21731
_d21731